Blueberry species of New York (Sudden Death) - Statistics

General Stats
  • This quiz has been taken 39 times
    37 since last reset
  • The average score is 5 of 12
Answers on the Grid
Answers color-coded by a green-red scale on the quiz's grid according to % correct below.
Northern Highbush Blueberry
Common Bilberry
Bog Bilberry
Dwarf Bilberry
Sparkleberry
Oval Leaf Blueberry
Deerberry
Shiny Blueberry
Andean Blueberry
ʻŌhelo Kau Lāʻau
Black Highbush Blueberry
Blue Ridge/Early Lowbush Blueberry
Rabbiteye Blueberry
Lingonberry
American Cranberry
Bog Cranberry
Evergreen Huckleberry
Northern Blueberry
Thinleaf Huckleberry
Velvetleaf Blueberry
Lowbush Blueberry
 
Answer Stats
Answer % Correct
Northern Highbush Blueberry
67%
American Cranberry
56%
Bog Bilberry
56%
Bog Cranberry
44%
Deerberry
44%
Blue Ridge/Early Lowbush Blueberry
33%
Dwarf Bilberry
33%
Lingonberry
33%
Lowbush Blueberry
33%
Northern Blueberry
33%
Black Highbush Blueberry
11%
Velvetleaf Blueberry
11%
No matching quizzes found
Score Distribution
Percent of People with Each Score
Percentile by Number Answered
Your Score History
You have not taken this quiz since the last reset